Применение стеганографических методов для защиты авторских прав на графические изображения; Прогрессивные технологии и экономика в машиностроении

Dettagli Bibliografici
Parent link:Прогрессивные технологии и экономика в машиностроении.— 2003.— С. 241-242
Autore principale: Шокарев А. В. Алексей Владимирович
Lingua:russo
Pubblicazione: 2003
Soggetti:
Natura: MixedMaterials Capitolo di libro
KOHA link:https://koha.lib.tpu.ru/cgi-bin/koha/opac-detail.pl?biblionumber=111864

MARC

LEADER 00000naa2a2200000 4500
001 111864
005 20231101215026.0
035 |a (RuTPU)RU\TPU\book\120823 
090 |a 111864 
100 |a 20070320d2003 k y0rusy50 ca 
101 0 |a rus 
102 |a RU 
200 1 |a Применение стеганографических методов для защиты авторских прав на графические изображения  |f А. В. Шокарев 
463 0 |0 (RuTPU)RU\TPU\book\63552  |y 5-98298-035-8  |t Прогрессивные технологии и экономика в машиностроении  |o труды Всероссийской научно-практической конференции, Юрга, 24-25 апреля 2003 г.  |f Томский политехнический университет; Филиал ТПУ в Юрге; Отв. ред. Б. Г. Долгун  |v С. 241-242  |d 2003  |p 374 с. 
610 1 |a авторские права 
610 1 |a графические изображения 
610 1 |a защита прав 
610 1 |a стеганографические методы 
610 1 |a цифровые технологии 
610 1 |a Интернет 
610 1 |a труды учёных ТПУ 
700 1 |a Шокарев  |b А. В.  |c специалист в области информатики и вычислительной техники  |c доцент Юргинского технологического института (филиала) Томского политехнического университета, кандидат технических наук  |f 1978-  |g Алексей Владимирович  |2 stltpush  |3 (RuTPU)RU\TPU\pers\24267  |9 10737 
801 1 |a RU  |b 63413507  |c 20070320  |g PSBO 
801 2 |a RU  |b 63413507  |c 20151207  |g RCR 
942 |c BK